Score 0/20 Timer 03:00
7 Plays Today
Hint Missing Word % Correct
Indiana _____ and the Temple of DoomJones
98.4%
Leaving Las _____Vegas
98.3%
A _____ CarolChristmas
97.9%
Risky _____Business
96%
The Pursuit of _____Happyness
95.7%
Driving _____ DaisyMiss
95.3%
_____ in SeattleSleepless
95.1%
You Don't _____ with the ZohanMess
95.1%
God _____ AmericaBless
92.6%
_____ Who's Coming to DinnerGuess
91.7%
Hint Missing Word % Correct
The _____ Case of Benjamin ButtonCurious
91.1%
_____ BasterdsInglourious
90.8%
The Postman _____ Rings TwiceAlways
89.9%
Devil in a Blue _____Dress
88.1%
30 Minutes or _____Less
88%
Meet Me in St. _____Louis
86.6%
_____ Buyers ClubDallas
83.2%
_____ LiaisonsDangerous
81.4%
The _____ Crown AffairThomas
79.8%
Eternal Sunshine of the _____ MindSpotless
78.8%

Today's Daily Dose

You're not logged in!

Compare scores with friends on all Sporcle quizzes.
OR
Log In

Sporcle TV

Today on Sporcle TV


Watch our educational content, quiz creation guides, and fun videos on Sporcle TV.

Show Comments

Extras

Top Quizzes Today


Score Distribution

Paid Content

Your Account Isn't Verified!

In order to create a playlist on Sporcle, you need to verify the email address you used during registration. Go to your Sporcle Settings to finish the process.

Report this User

Report this user for behavior that violates our Community Guidelines.

Details: